000
00303nam a2200121Ia 4500
008
221007s9999 xx 000 0 und d
020
_a
4925
041
_a
eng
100
_a
Dawes C
_9
96833
245
_a
OCA Oracle 10g Administration 1 Study Guide
260
_c
2006
_b
BPD Delhi
_a
Delhi
906
_b
General
999
_c
61275
_d
61275